000 00835nam a22002537a 4500
001 0061931
003 KOHA_MİRAKIL
005 20260207004354.0
007 ta
008 180215b1991 tu |||gr||||#||||0|tur |
040 _aTR-BiSEU
_btur
_cTR-BiSEU
_erda
041 0 _atur
044 _ctu
050 _aBP130.4
_b.R84 1991
245 0 _aRuhu'l-furkan tefsiri/
_chazırlayan Mahmud Ustaosmanoğlu; riyasetinde Ahmet Ünlü, Mehmet Talu, A. Fikri Doğan, Abdullah Evenser, Hızır Ali Muradoğlu, Bayram Ali Karamustafaoğlu.
264 1 _aİstanbul :
_bSiraç Kitabevi
_c1991
300 _ac.; 27 cm.
336 _ametin
_btxt
_2rdacontent
337 _aaracısız
_bn
_2rdamedia
338 _acilt
_bnc
_2rdacarrier
650 0 _aQur'an--Commentaries.
_989354
650 0 _aKur'an-ı Kerim--Tefsirler.
_9114486
942 _2lcc
_cBK
999 _c61728
_d61728